Southville International School and Colleges
Your cart is empty.
  • Cart
  • Lists
    Public lists Eva Luna New books Lux_list list_1
    Your lists Log in to create your own lists
  • Log in to your account
  • Your cookies
  • Search history
Southville International School and Colleges
  • Advanced search
  • Recent comments
  • Most popular
  • Libraries

Log in to your account

Log in with GOOGLE


If you do not have an external account, but do have a local account, you can still log in:

  1. Home
  2. MARC view: Principles of environmental science:
Normal view MARC view ISBD view

Principles of environmental science: (Record no. 21754)

[ view plain ]
MARC details
000 -LEADER
fixed length control field 00694nam a2200217 a 4500
003 - CONTROL NUMBER IDENTIFIER
control field PILC
005 - DATE AND TIME OF LATEST TRANSACTION
control field 20160303141205.0
008 - FIXED-LENGTH DATA ELEMENTS--GENERAL INFORMATION
fixed length control field 061109s19uu xx 00 eng d
020 ## - INTERNATIONAL STANDARD BOOK NUMBER
International Standard Book Number 0071115749
050 ## - LIBRARY OF CONGRESS CALL NUMBER
Classification number GE 105
Item number .C865 2006
100 ## - MAIN ENTRY--PERSONAL NAME
Personal name Cunningham, William P.
245 ## - TITLE STATEMENT
Title Principles of environmental science:
Remainder of title inquiry and applications /
Statement of responsibility, etc WIlliam Cunningham, Mary Ann Cunningham.
250 ## - EDITION STATEMENT
Edition statement 3rd edition.
260 ## - PUBLICATION, DISTRIBUTION, ETC. (IMPRINT)
Place of publication, distribution, etc Asia :
Name of publisher, distributor, etc McGraw-Hill Education,
Date of publication, distribution, etc 2006.
300 ## - PHYSICAL DESCRIPTION
Extent 428 pages :
Other physical details color illustrations ;
Dimensions 26 cm.
500 ## - GENERAL NOTE
General note Includes glossary and index.
650 ## - SUBJECT ADDED ENTRY--TOPICAL TERM
Topical term or geographic name as entry element Environmental science.
700 ## - ADDED ENTRY--PERSONAL NAME
Personal name Cunningham, Mary Ann.
942 ## - ADDED ENTRY ELEMENTS (KOHA)
Koha item type Books
Source of classification or shelving scheme Library of Congress Classification
Call number prefix Foreign
Holdings
Withdrawn status Lost status Source of classification or shelving scheme Damaged status Home library Current library Shelving location Date acquired Source of acquisition Total Checkouts Full call number Barcode Date last seen Date checked out Copy number Price effective from Koha item type
    Library of Congress Classification   College Library College Library General Circulation Section 01/08/2014 Library Fund 1 GE 105 .C865 2006 C8334 05/15/2018 09/24/2014 1 01/08/2014 Books

Principles of environmental science:

APA

Cunningham W. P., Cunningham M. A., . (2006). Principles of environmental science. Asia: McGraw-Hill Education.

Chicago

Cunningham William P, Cunningham Mary Ann, . 2006. Principles of environmental science. Asia: McGraw-Hill Education.

Harvard

Cunningham W. P., Cunningham M. A., . (2006). Principles of environmental science. Asia: McGraw-Hill Education.

MLA

Cunningham William P, Cunningham Mary Ann, . Principles of environmental science. Asia: McGraw-Hill Education. 2006.

  • Place hold
  • Print
  • Cite
  • Add to your cart (remove)
  • Save record
    BIBTEX Dublin Core MARCXML MARC (non-Unicode/MARC-8) MARC (Unicode/UTF-8) MARC (Unicode/UTF-8, Standard) MODS (XML) RIS
  • More searches
    Search for this title in:
    Other Libraries (WorldCat) Other Databases (Google Scholar) Online Stores (Bookfinder.com) Open Library (openlibrary.org)

Exporting to Dublin Core...

SOUTHVILLE LIBRARY

Southville International School and Colleges Library

1281 Tropical Ave. Cor. Luxembourg St., BF Homes International, Las Pinas City

Tel. No. 8256374 / 252358 Loc. 117/146

Powered by Koha